|
|
|
|
| LEADER |
01250nam a2200241 u 4500 |
| 001 |
10059814 |
| 003 |
GR-PaULI |
| 005 |
20211029131725.0 |
| 008 |
070305s2017 gr 1 gre |
| 952 |
|
|
|0 0
|1 0
|2 ddc
|4 0
|6 782_421000000000000_628_93_ΜΠΟ
|7 0
|9 329877
|a LISP
|b LISP
|c DON
|d 2021-10-29
|e ΠΑΤ
|i 147567
|l 0
|o 782.421 628 93 ΜΠΟ
|p 025000274455
|r 2021-10-29 00:00:00
|t 1
|w 2021-10-29
|y BKN
|
| 999 |
|
|
|c 184637
|d 184637
|
| 020 |
|
|
|a 9789605053031
|
| 040 |
|
|
|a GR-PaULI
|c GR-PaULI
|b gre
|e AACR2
|
| 082 |
0 |
4 |
|a 782.421 628 93
|2 23
|
| 100 |
1 |
|
|9 135596
|a Μπουκάλας, Παντελής Σ.,
|d 1957-
|e συγγραφέας.
|
| 245 |
1 |
3 |
|a Το αίμα της αγάπης ;
|b Ο πόθος και ο φόνος στη δημοτική ποίηση /
|c Παντελής Μπουκάλας.
|
| 260 |
|
|
|a Αθήνα :
|b Άγρα,
|c 2017.
|
| 300 |
|
|
|a 821 σ. ;
|b
|c 21 εκ.
|
| 490 |
1 |
|
|a Πιάνω γραφή να γράψω... δοκίμια για το δημοτικό τραγούδι
|v 2.
|
| 740 |
|
|
|a Ο πόθος και ο φόνος στη δημοτική ποίηση
|
| 830 |
|
|
|a Πιάνω γραφή να γράψω...δοκίμια για το δημοτικό τραγούδι
|v 2.
|9 166717
|
| 942 |
|
|
|2 ddc
|c BKN
|
| 998 |
|
|
|c ΜΠΟΥΡΑΣ
|d 2021-10
|